Capitali per altitudine - Statistics

Statistiche generali
  • Questo quiz è stato fatto 9 volte
  • Il punteggio medio è 7 su 15
Statistiche sulle risposte
Altitudine (m) Continente Capitale % Corretto
2 625 America del Sud Bogotà
100%
3 640 America del Sud La Paz
86%
2 850 America del Sud Quito
86%
2 240 America del Nord Città del Messico
71%
2 355 Africa Addis Abeba
57%
1 680 Africa Nairobi
57%
1 830 Asia Teheran
57%
2 790 America del Sud Sucre
43%
2 325 Africa Asmara
29%
1 790 Asia Kabul
29%
1 567 Africa Kigali
29%
2 334 Asia Thimphu
29%
1 721 Africa Windhoek
14%
1 672 Africa Maseru
0%
2 250 Asia Sana'a
0%
Nessun quiz corrispondente trovato
Distribuzione punteggi
Percentuale di utenti per punteggio
Percentile per numero di risposta
I tuoi punteggi nel tempo
Non hai fatto questo quiz